| 000 | 01231cam a22002651i 4500 | ||
|---|---|---|---|
| 003 | SA-RiAUC | ||
| 005 | 20260106132843.0 | ||
| 008 | 260101s1996 ts g b 001 p ara c | ||
| 040 |
_aSA-JeALM _bara _cSA-RiAUC _erda |
||
| 050 | 4 | _bA17 1996 | |
| 082 | 0 | 4 |
_a811.69 _qSA-RiAUC |
| 090 |
_a811.69 _bا ب ن ح |
||
| 100 | 1 |
_aابن الحاج البلفيقي، محمد بن محمد بن إبراهيم، _d680-771 هجري _eمؤلف. |
|
| 245 | 1 | 0 |
_aشعر أبى البركات بن الحاج البلفيقي (نحو 680-771 هـ) / _cبعناية عبد الحميد بن عبد الله الهرامة. |
| 250 | _aالطبعة الأولى. | ||
| 264 | 1 |
_aدبي، الإمارات العربية المتحدة : _bمركز جمعة الماجد، _c1996 |
|
| 300 |
_a96 صفحة ؛ _c24 سم |
||
| 336 |
_aنص _btxt _2rdacontent _3كتاب |
||
| 337 |
_aبدون وسيط _bn _2rdamedia |
||
| 504 | _aببليوجرافية : صفحة 19-49. | ||
| 650 | 7 |
_aالشعر العربي _zالأندلس _yعصر بنو الأحمر، 1237-1492 _2aucsh |
|
| 700 | 1 |
_aالهرامة، عبد الحميد عبد الله، _d1950- _eمراجع. |
|
| 942 |
_2ddc _cBOOK _n0 |
||
| 949 |
_aSA-JeALM _d260101 _uosman123 _n1 |
||
| 999 |
_c13924 _d13924 |
||